UBT Library

The rivermen / (Record no. 1011)

000 -LEADER
fixed length control field 00541nam a22001817a 4500
008 - FIXED-LENGTH DATA ELEMENTS--GENERAL INFORMATION
fixed length control field 150609b xxu||||| |||| 00| 0 eng d
041 0# - LANGUAGE CODE
Language code of text/sound track or separate title eng
080 ## - UNIVERSAL DECIMAL CLASSIFICATION NUMBER
Universal Decimal Classification number 355.49
245 00 - TITLE STATEMENT
Title The rivermen /
Statement of responsibility, etc by the editors of Time-Life Books ; with text by Paul O'Neil.
260 ## -
-- New York :
-- Time-Life Books,
-- c1975.
300 ## -
-- 240 f. :
-- me il. ;
-- 28 cm.
490 ## -
-- The Old west
505 ## -
-- Index : f. 238-240
650 #0 -
-- River boats
-- History.
-- United States
650 #0 -
-- Varkat e lumit
700 1# -
-- O'Neil, Paul,
942 ## - ADDED ENTRY ELEMENTS (KOHA)
Source of classification or shelving scheme
Item type Books
Holdings
Withdrawn status Lost status Source of classification or shelving scheme Damaged status Not for loan Collection code Permanent location Current location Shelving location Date acquired Total Checkouts Full call number Date last seen Price effective from Koha item type
          Koleksioni i përgjithshem UBT - Lipjan UBT - Lipjan Koleksioni i përgjithshem 06/09/2015   355.49 RIV 06/09/2015 06/09/2015 Books
UBT Library © 2015-2024. All rights reserved University Education for Business and Technology